Quản lý hoạt động nhập khẩu : Cơ chế , chính sách và biện pháp

Nội dung sách gồm 5 chương: Cơ sở lý luận của cơ chế, chính sách và các biện pháp quản lý nhập khẩu; thực trạng cơ chế, chính sách và các biện pháp quản lý hoạt động nhập khẩu của Việt Nam.

Spremljeno u:
Bibliografski detalji
Glavni autor: Nguyễn ,Hữu Khải
Format: Knjiga
Jezik:Undetermined
Izdano: Hà Nội Tài chính 2007
Teme:
Oznake: Dodaj oznaku
Bez oznaka, Budi prvi tko označuje ovaj zapis!
Thư viện lưu trữ: Trung tâm Học liệu Trường Đại học Cần Thơ
LEADER 01052nam a2200217Ia 4500
001 CTU_150420
008 210402s9999 xx 000 0 und d
020 |c 50000 
082 |a 382.5 
082 |b Kh103 
100 |a Nguyễn ,Hữu Khải 
245 0 |a Quản lý hoạt động nhập khẩu : 
245 0 |b Cơ chế , chính sách và biện pháp 
245 0 |c Nguyễn Hữu Khải, Vũ Thị Hiền, Đào Ngọc Tiến 
260 |a Hà Nội 
260 |b Tài chính 
260 |c 2007 
520 |a Nội dung sách gồm 5 chương: Cơ sở lý luận của cơ chế, chính sách và các biện pháp quản lý nhập khẩu; thực trạng cơ chế, chính sách và các biện pháp quản lý hoạt động nhập khẩu của Việt Nam. 
650 |a Commercial policy,Import trade,Chính sách ngoại thương,Nhập khẩu thương mại 
904 |i Tuyến 
980 |a Trung tâm Học liệu Trường Đại học Cần Thơ